[Event "Moscow op-A 13th"]
[Site "Moscow"]
[Date "2017.02.02"]
[Round "6"]
[White "Pakhomov, Egor"]
[Black "Kharchenko, Alexey"]
[Result "1-0"]
[WhiteElo "2473"]
[BlackElo "2242"]
[PlyCount "75"]
[EventDate "2017.01.28"]
[EventType "swiss"]
[EventRounds "9"]
[EventCountry "RUS"]
[SourceTitle "EXT 2018"]
[Source "ChessBase"]
[SourceDate "2017.10.13"]
[SourceVersion "1"]
[SourceVersionDate "2017.10.13"]
[SourceQuality "1"]

1. Nf3 d5 2. d4 Nf6 3. c4 c6 4. e3 e6 5. Nbd2 a6 6. b3 c5 7. Bb2 Nc6 8. Bd3 cxd4 9. exd4 Be7 10. 0-0 0-0 11. c5 b6 12. Ne5 Bb7 13. Nxc6 Bxc6 14. b4 Bb5 15. Bxb5 axb5 16. Qe2 Qd7 17. Rfc1 Qc6 18. a3 Nd7 19. Nb3 Bf6 20. f4 Rfe8 21. Re1 h6 22. Rad1 g6 23. Nc1 bxc5 24. dxc5 e5 25. f5 gxf5 26. Rf1 f4 27. Qf3 e4 28. Qg4+ Kh7 29. Qf5+ Kg7 30. Bxf6+ Nxf6 31. Qxf4 Qe6 32. Ne2 Qe5 33. Qh4 Qg5 34. Qh3 Ng4 35. Rf4 Ne5 36. Rdf1 Nf3+ 37. Kh1 Nd2 38. Qc3+ 1-0

[Event "Moscow op-A 13th"]
[Site "Moscow"]
[Date "2017.02.01"]
[Round "5"]
[White "Kharchenko, Alexey"]
[Black "Sanzhaev, Darsen"]
[Result "1-0"]
[WhiteElo "2242"]
[BlackElo "2401"]
[PlyCount "115"]
[EventDate "2017.01.28"]
[EventType "swiss"]
[EventRounds "9"]
[EventCountry "RUS"]
[SourceTitle "EXT 2018"]
[Source "ChessBase"]
[SourceDate "2017.10.13"]
[SourceVersion "1"]
[SourceVersionDate "2017.10.13"]
[SourceQuality "1"]

1. d4 d5 2. Nf3 Nf6 3. c4 e6 4. Nc3 Bb4 5. Bg5 h6 6. Bxf6 Qxf6 7. e3 0-0 8. Rc1 dxc4 9. Bxc4 c5 10. 0-0 cxd4 11. exd4 Nc6 12. Ne4 Qf4 13. Qe2 Rd8 14. Qe3 Qxe3 15. fxe3 Bf8 16. Nc3 b6 17. Rf2 Bb7 18. Rcf1 Na5 19. Bd3 Rac8 20. g4 f6 21. h4 Nc4 22. Bxc4 Rxc4 23. g5 hxg5 24. hxg5 Bxf3 25. Rxf3 f5 26. g6 Be7 27. Kf2 b5 28. Ke2 e5 29. Rxf5 exd4 30. exd4 Rcxd4 31. Rxb5 a6 32. Rh5 Rd2+ 33. Ke3 R8d3+ 34. Ke4 Rd4+ 35. Kf5 Rxb2 36. Rfh1 Rf2+ 37. Ke6 Bh4 38. R5xh4 Rf6+ 39. Ke5 Rxh4 40. Rxh4 Rxg6 41. Nd5 Kf7 42. Rf4+ Ke8 43. a4 Rg5+ 44. Kd6 Rg6+ 45. Kc5 Kd7 46. Rf7+ Ke6 47. Re7+ Kf5 48. Ra7 Rg1 49. Rxa6 g5 50. Ra8 g4 51. a5 g3 52. a6 Ra1 53. a7 Ke4 54. Re8+ Kf3 55. Rf8+ Ke4 56. a8Q Rxa8 57. Rxa8 g2 58. Rg8 1-0

[Event "Moscow op-A 13th"]
[Site "Moscow"]
[Date "2017.01.30"]
[Round "3"]
[White "Kharchenko, Alexey"]
[Black "Oganian, Miran"]
[Result "0-1"]
[WhiteElo "2242"]
[BlackElo "2452"]
[PlyCount "114"]
[EventDate "2017.01.28"]
[EventType "swiss"]
[EventRounds "9"]
[EventCountry "RUS"]
[SourceTitle "EXT 2018"]
[Source "ChessBase"]
[SourceDate "2017.10.13"]
[SourceVersion "1"]
[SourceVersionDate "2017.10.13"]
[SourceQuality "1"]

1. d4 Nf6 2. Nf3 d5 3. Bf4 c5 4. c3 Nc6 5. e3 Qb6 6. Qc2 g6 7. Nbd2 Bf5 8. Qb3 c4 9. Qxb6 axb6 10. a3 b5 11. Rc1 Nd7 12. h3 f6 13. g4 Be6 14. g5 Bg7 15. Bg2 Nb6 16. e4 0-0 17. 0-0 dxe4 18. Nxe4 Bd5 19. Rfe1 fxg5 20. Bxg5 Rf5 21. Nfd2 Na4 22. Rb1 Rd8 23. Bh4 h6 24. Re3 g5 25. Bg3 Nxd4 26. cxd4 Bxd4 27. b3 Bxe3 28. fxe3 Nc3 29. Nxc3 Bxg2 30. e4 Rf7 31. Nd5 Bxh3 32. bxc4 e6 33. Rxb5 exd5 34. cxd5 Kh7 35. e5 Kg6 36. Kh2 Bg4 37. Ne4 Bf3 38. Nd6 Rxd6 39. exd6 h5 40. Rc5 h4 41. Be5 Bg4 42. Rc7 Rf2+ 43. Kg1 Rd2 44. Rxb7 Rxd5 45. Re7 Kf5 46. Bh2 Rd1+ 47. Kf2 Rd2+ 48. Ke3 Re2+ 49. Kd3 Rxe7 50. dxe7 Bh5 51. Ke3 Be8 52. Kf3 Bc6+ 53. Kf2 Kg4 54. Be5 Kh3 55. Kg1 g4 56. Bf4 g3 57. Bd6 Kg4 0-1

[Event "Moscow op-A 13th"]
[Site "Moscow"]
[Date "2017.01.28"]
[Round "1"]
[White "Kharchenko, Alexey"]
[Black "Kozionov, Kirill"]
[Result "1-0"]
[WhiteElo "2242"]
[BlackElo "2439"]
[PlyCount "117"]
[EventDate "2017.01.28"]
[EventType "swiss"]
[EventRounds "9"]
[EventCountry "RUS"]
[SourceTitle "EXT 2018"]
[Source "ChessBase"]
[SourceDate "2017.10.13"]
[SourceVersion "1"]
[SourceVersionDate "2017.10.13"]
[SourceQuality "1"]

1. d4 d5 2. Nf3 Nf6 3. Bf4 c5 4. e3 Nc6 5. c3 Qb6 6. Qc2 Bf5 7. dxc5 Bxc2 8. cxb6 axb6 9. Na3 Rxa3 10. bxa3 e6 11. Nd4 Nxd4 12. exd4 Bxa3 13. Kd2 Bg6 14. f3 Bb2 15. Rd1 Ke7 16. Bd3 Rc8 17. Bxg6 hxg6 18. Rb1 Bxc3+ 19. Kd3 Ba5 20. Rhc1 Rc4 21. Rxc4 dxc4+ 22. Kxc4 Nd5 23. Bg3 Kd7 24. Be1 Kc6 25. Bxa5 bxa5 26. g3 b5+ 27. Kb3 Kb6 28. Rc1 Ne7 29. a4 Nf5 30. axb5 Kxb5 31. Rc5+ Kb6 32. Kc3 Nd6 33. Re5 Nb5+ 34. Kd3 Nc7 35. Rc5 Nb5 36. Rc8 a4 37. Rb8+ Kc6 38. Kc4 Na3+ 39. Kb4 Nc2+ 40. Kc3 Ne3 41. Rg8 Kd6 42. Rxg7 Ke7 43. Rg8 a3 44. Ra8 Nf1 45. Kd3 Nxh2 46. Ke2 g5 47. g4 f5 48. gxf5 exf5 49. Rxa3 g4 50. fxg4 Nxg4 51. Kf3 Ke6 52. Ra5 Nf6 53. Ra6+ Ke7 54. Kf4 Nd5+ 55. Kxf5 Nb4 56. Rh6 Kd7 57. Ke4 Ke7 58. d5 Kd7 59. Rb6 1-0

[Event "Moscow op-A"]
[Site "Moscow"]
[Date "2016.02.04"]
[Round "6"]
[White "Solovjev, Nikolay1"]
[Black "Kharchenko, Alexey"]
[Result "1/2-1/2"]
[WhiteElo "2332"]
[BlackElo "2136"]
[PlyCount "103"]
[EventDate "2016.01.30"]
[EventType "swiss"]
[EventRounds "9"]
[EventCountry "RUS"]
[SourceTitle "CBM 170 Extra"]
[Source "ChessBase"]
[SourceDate "2016.02.25"]
[SourceVersion "1"]
[SourceVersionDate "2016.02.25"]
[SourceQuality "1"]

1. Nf3 d5 2. g3 Nf6 3. Bg2 c6 4. 0-0 Bg4 5. d4 Nbd7 6. Ne5 Bh5 7. c4 e6 8. f4 Be7 9. Nc3 0-0 10. h3 Bg6 11. e3 Nxe5 12. dxe5 Ne4 13. Nxe4 Bxe4 14. Bxe4 dxe4 15. Qc2 Qd3 16. Qxd3 exd3 17. Bd2 a5 18. Rfd1 Rfd8 19. Bc3 Bc5 20. Kf2 Kf8 21. a3 Ke7 22. b4 axb4 23. axb4 Rxa1 24. Rxa1 d2 25. Rd1 Rd3 26. Bxd2 Bxe3+ 27. Ke2 Rxd2+ 28. Rxd2 Bxd2 29. Kxd2 b6 30. Ke3 Kd7 31. Ke4 c5 32. b5 Ke7 33. g4 Kf8 34. f5 g6 35. Kf4 h6 36. h4 Kg7 37. Kf3 Kf8 38. Kg3 Kg7 39. Kf4 Kf8 40. h5 exf5 41. gxf5 g5+ 42. Ke4 Ke7 43. Kf3 Kd7 44. Ke4 Ke7 45. Kf3 Kd7 46. Ke3 Ke7 47. Ke4 Kd7 48. Kd5 Ke7 49. Ke4 Kd7 50. Kf3 Ke7 51. Ke3 Kd7 52. Ke4 1/2-1/2

[Event "Moscow op-A"]
[Site "Moscow"]
[Date "2016.02.01"]
[Round "3"]
[White "Kharchenko, Alexey"]
[Black "Faizrakhmanov, Ramil"]
[Result "0-1"]
[WhiteElo "2136"]
[BlackElo "2426"]
[PlyCount "84"]
[EventDate "2016.01.30"]
[EventType "swiss"]
[EventRounds "9"]
[EventCountry "RUS"]
[SourceTitle "CBM 170 Extra"]
[Source "ChessBase"]
[SourceDate "2016.02.25"]
[SourceVersion "1"]
[SourceVersionDate "2016.02.25"]
[SourceQuality "1"]

1. d4 Nf6 2. Nf3 e6 3. c4 b6 4. a3 Ba6 5. Qc2 Bb7 6. Nc3 c5 7. dxc5 bxc5 8. Bf4 a6 9. Rd1 Nc6 10. e3 Be7 11. h3 h6 12. Be2 0-0 13. 0-0 d6 14. Bg3 Qc7 15. Rd2 Rfd8 16. Rb1 Na5 17. e4 Nd7 18. b3 Ne5 19. Bxe5 dxe5 20. b4 Nc6 21. bxc5 Bxc5 22. Na4 Bxa3 23. Rxd8+ Rxd8 24. Qc3 Be7 25. Qb2 Bb4 26. Nc5 Bxc5 27. Qxb7 Qxb7 28. Rxb7 Rc8 29. Bd1 Na5 30. Rb2 Nxc4 31. Rc2 Na3 32. Ra2 f6 33. Bb3 Kf7 34. Nd2 Bb4 35. Rb2 a5 36. Kf1 Rc1+ 37. Ke2 Nb5 38. Nf3 Nc3+ 39. Kd3 Ke7 40. Nd2 Nd1 41. Ra2 Rc3+ 42. Ke2 Rxb3 0-1

[Event "Novokuznetsk SFO-ch U17"]
[Site "Novokuznetsk"]
[Date "2014.11.10"]
[Round "9"]
[White "Kharchenko, Alexey"]
[Black "Shnajder, Mark"]
[Result "1/2-1/2"]
[WhiteElo "2149"]
[BlackElo "1884"]
[PlyCount "99"]
[EventDate "2014.11.02"]
[EventType "swiss"]
[EventRounds "9"]
[EventCountry "RUS"]
[SourceTitle "CBM 163 Extra"]
[Source "ChessBase"]
[SourceDate "2014.12.23"]
[SourceVersion "1"]
[SourceVersionDate "2014.12.23"]
[SourceQuality "1"]

1. d4 Nf6 2. Nf3 e6 3. Bf4 c5 4. e3 cxd4 5. exd4 Qb6 6. b3 Nd5 7. Bd2 Nc6 8. c3 Be7 9. Bd3 d6 10. 0-0 0-0 11. Na3 a6 12. Rc1 Qa5 13. Nc4 Qc7 14. Bb1 Bf6 15. Ne3 Nxe3 16. Bxe3 b6 17. c4 Bb7 18. d5 Ne7 19. Nd4 e5 20. Ne2 g6 21. f4 exf4 22. Nxf4 Bg7 23. Qf3 Bc8 24. b4 Bf5 25. c5 bxc5 26. bxc5 Bxb1 27. Rxb1 dxc5 28. Rfc1 c4 29. Bb6 Qd7 30. Bc5 Rab8 31. Rxb8 Rxb8 32. Qe4 Nf5 33. Rxc4 Rc8 34. Ba3 Re8 35. Qb1 Bd4+ 36. Kh1 Be3 37. d6 Nxd6 38. Qd1 Qb5 39. Rb4 Ne4 40. Nh3 Qa5 41. Rb3 Nf2+ 42. Nxf2 Bxf2 43. Bb4 Qxa2 44. Rd3 Bh4 45. h3 h6 46. Bc3 a5 47. Rd5 Ra8 48. Qd4 Qb1+ 49. Kh2 Qb8+ 50. Kh1 1/2-1/2

[Event "Kemerovo Region Cup"]
[Site "Kemerovo"]
[Date "2014.08.21"]
[Round "1"]
[White "Kharchenko, Alexey"]
[Black "Isupov, Vladimir"]
[Result "0-1"]
[WhiteElo "2112"]
[BlackElo "2382"]
[PlyCount "58"]
[EventDate "2014.08.21"]
[EventType "swiss"]
[EventRounds "7"]
[EventCountry "RUS"]
[SourceTitle "CBM 162 Extra"]
[Source "ChessBase"]
[SourceDate "2014.10.17"]
[SourceVersion "1"]
[SourceVersionDate "2014.10.17"]
[SourceQuality "1"]

1. d4 Nf6 2. Nf3 g6 3. g3 Bg7 4. Bg2 0-0 5. 0-0 d6 6. c4 Nc6 7. Nc3 a6 8. e4 Bg4 9. Be3 Nd7 10. Qd2 Bxf3 11. Bxf3 e5 12. dxe5 dxe5 13. Ne2 Qe7 14. Rad1 Rfd8 15. Qc1 Nc5 16. Bxc5 Qxc5 17. Rd5 Qa7 18. Rfd1 Bf8 19. c5 Bxc5 20. Rxd8+ Rxd8 21. Rxd8+ Nxd8 22. Qg5 Bxf2+ 23. Kg2 Nc6 24. Nc3 Be1 25. Qg4 Qf2+ 26. Kh3 Nd4 27. Bg2 Bxc3 28. Qc8+ Kg7 29. bxc3 Ne2 0-1

[Event "Kemerovo Region Cup sf"]
[Site "Kemerovo"]
[Date "2014.07.22"]
[Round "3"]
[White "Vlasov, Igor"]
[Black "Kharchenko, Alexey"]
[Result "1/2-1/2"]
[WhiteElo "2234"]
[BlackElo "2018"]
[PlyCount "29"]
[EventDate "2014.07.21"]
[EventType "swiss"]
[EventRounds "9"]
[EventCountry "RUS"]
[SourceTitle "EXT 2016"]
[Source "ChessBase"]
[SourceDate "2015.10.08"]
[SourceVersion "1"]
[SourceVersionDate "2015.10.08"]
[SourceQuality "1"]

1. d4 d5 2. Nf3 Nf6 3. Bf4 Nh5 4. Bg5 h6 5. Bh4 g5 6. Bg3 Nxg3 7. hxg3 Bg7 8. e3 Bg4 9. c4 c5 10. Nc3 cxd4 11. exd4 Nc6 12. cxd5 Nxd4 13. Qa4+ Bd7 14. Qd1 Bg4 15. Qa4+ 1/2-1/2

[Event "Kemerovo-ch"]
[Site "Kemerovo"]
[Date "2014.04.30"]
[Round "9"]
[White "Starkov, S."]
[Black "Kharchenko, Alexey"]
[Result "0-1"]
[WhiteElo "2207"]
[BlackElo "1990"]
[PlyCount "80"]
[EventDate "2014.04.02"]
[EventType "swiss"]
[EventRounds "9"]
[EventCountry "RUS"]
[SourceTitle "CBM 160 Extra"]
[Source "ChessBase"]
[SourceDate "2014.07.01"]
[SourceVersion "1"]
[SourceVersionDate "2014.07.01"]
[SourceQuality "1"]

1. e4 c5 2. Nf3 Nc6 3. d4 cxd4 4. Nxd4 g6 5. c4 Nf6 6. Nc3 d6 7. f3 Nxd4 8. Qxd4 Bg7 9. Be3 0-0 10. Qd2 Be6 11. Rc1 a6 12. Be2 Qa5 13. Nd5 Qxd2+ 14. Kxd2 Bxd5 15. exd5 Rac8 16. b3 Rfe8 17. Bd3 e6 18. dxe6 fxe6 19. g4 d5 20. Ke2 Nd7 21. cxd5 exd5 22. Rxc8 Rxc8 23. f4 d4 24. Bd2 Nc5 25. Bc4+ Kh8 26. Kf3 b5 27. Bd5 Rd8 28. Be4 d3 29. Rc1 Bd4 30. Be3 Bxe3 31. Kxe3 d2 32. Rd1 Re8 33. Rxd2 Nxe4 34. Rc2 Nc3+ 35. Kd4 b4 36. Rf2 Re2 37. Rxe2 Nxe2+ 38. Kc4 Nc1 39. Kxb4 Nxa2+ 40. Kc4 a5 0-1

[Event "Kemerovo-ch"]
[Site "Kemerovo"]
[Date "2014.04.06"]
[Round "2"]
[White "Kharchenko, Alexey"]
[Black "Zakharov, Sergei D"]
[Result "0-1"]
[WhiteElo "1990"]
[BlackElo "2221"]
[PlyCount "96"]
[EventDate "2014.04.02"]
[EventType "swiss"]
[EventRounds "9"]
[EventCountry "RUS"]
[SourceTitle "CBM 160 Extra"]
[Source "ChessBase"]
[SourceDate "2014.07.01"]
[SourceVersion "1"]
[SourceVersionDate "2014.07.01"]
[SourceQuality "1"]

1. d4 Nf6 2. Nf3 g6 3. c4 Bg7 4. Nc3 d6 5. g3 0-0 6. Bg2 Bf5 7. Nh4 Bc8 8. Nf3 c6 9. 0-0 Nbd7 10. e4 c5 11. d5 Ng4 12. Nd2 Nb6 13. h3 Nxf2 14. Kxf2 Bd4+ 15. Ke1 f5 16. Qe2 e6 17. Nf3 Bxc3+ 18. bxc3 fxe4 19. Ng5 exd5 20. Rxf8+ Qxf8 21. cxd5 Bd7 22. Nxe4 Re8 23. c4 Na4 24. Bd2 Re5 25. Rc1 Bf5 26. Bf4 Bxe4 27. Bxe5 Bxg2 28. Qxg2 dxe5 29. d6 Qxd6 30. Qxb7 Qd4 31. Qd5+ Kf8 32. Qxd4 cxd4 33. Kd2 Ke7 34. Rb1 Kd6 35. Rb7 e4 36. Rxa7 Nb2 37. c5+ Kxc5 38. Re7 Nc4+ 39. Ke1 Kd5 40. a4 d3 41. Rxh7 e3 42. Rd7+ Ke4 43. Re7+ Kd4 44. Rd7+ Kc3 45. Rc7 Kb4 46. g4 Ne5 47. Re7 Nf3+ 48. Kd1 e2+ 0-1

[Event "Kemerovo Region-ch"]
[Site "Kemerovo"]
[Date "2013.10.19"]
[Round "2"]
[White "Kharchenko, Alexey"]
[Black "Emeljashin, Yury"]
[Result "1-0"]
[WhiteElo "1940"]
[BlackElo "2074"]
[PlyCount "83"]
[EventDate "2013.10.18"]
[EventType "swiss"]
[EventRounds "9"]
[EventCountry "RUS"]
[SourceTitle "EXT 2014"]
[Source "ChessBase"]
[SourceDate "2013.11.20"]
[SourceVersion "1"]
[SourceVersionDate "2013.11.20"]
[SourceQuality "1"]

1. d4 Nf6 2. Nf3 g6 3. g3 Bg7 4. Bg2 0-0 5. 0-0 d6 6. c4 Nc6 7. Nc3 Bg4 8. Ne1 Qc8 9. Nc2 Bh3 10. e4 Bxg2 11. Kxg2 e5 12. d5 Ne7 13. Bg5 h6 14. Bxf6 Bxf6 15. f4 exf4 16. gxf4 Bg7 17. Nd4 Bxd4 18. Qxd4 Qg4+ 19. Kh1 Kh7 20. Rf2 a6 21. Rg1 Qh4 22. Rff1 f5 23. e5 dxe5 24. Qxe5 Rac8 25. Qe6 Qf6 26. Re1 Ng8 27. Qxf6 Rxf6 28. Re6 Kg7 29. Re5 Kf7 30. Ne2 c6 31. Nd4 cxd5 32. cxd5 Rb6 33. b3 Rb4 34. Ne6 Re4 35. Re1 Nf6 36. d6 Rxe5 37. Rxe5 Nd7 38. Nc7 Nxe5 39. fxe5 Rd8 40. e6+ Kf6 41. e7 Rc8 42. d7 1-0

[Event "Kemerovo Chess School-ch"]
[Site "Kemerovo"]
[Date "2013.04.10"]
[Round "9"]
[White "Kharchenko, Alexey"]
[Black "Cheremnova, Tamara"]
[Result "0-1"]
[WhiteElo "1933"]
[BlackElo "2270"]
[PlyCount "72"]
[EventDate "2013.02.24"]
[EventType "swiss"]
[EventRounds "9"]
[EventCountry "RUS"]
[SourceTitle "EXT 2014"]
[Source "ChessBase"]
[SourceDate "2013.11.20"]
[SourceVersion "1"]
[SourceVersionDate "2013.11.20"]
[SourceQuality "1"]

1. d4 d5 2. Nf3 c6 3. c4 e6 4. Nc3 Nf6 5. Bg5 h6 6. Bh4 dxc4 7. e4 g5 8. Bg3 b5 9. h4 g4 10. Ne5 Rg8 11. a3 Bb7 12. Be2 h5 13. 0-0 Nbd7 14. Nxd7 Qxd7 15. Re1 Be7 16. Be5 Nh7 17. g3 Rd8 18. Qd2 Rg6 19. Rad1 f6 20. Bf4 e5 21. dxe5 Qxd2 22. Rxd2 Rxd2 23. Bxd2 fxe5 24. Be3 a6 25. Rd1 Nf6 26. Bf1 Nd7 27. Kh2 Nc5 28. Be2 Bc8 29. Rf1 Nb3 30. f4 exf4 31. gxf4 Bxh4 32. f5 Rg8 33. f6 Be6 34. Bd1 Bg5 35. Bxg5 Rxg5 36. Bxb3 cxb3 0-1

[Event "Kemerovo Chess School-ch"]
[Site "Kemerovo"]
[Date "2013.03.13"]
[Round "6"]
[White "Gerentsev, Viktor"]
[Black "Kharchenko, Alexey"]
[Result "1-0"]
[WhiteElo "2104"]
[BlackElo "1933"]
[PlyCount "39"]
[EventDate "2013.02.24"]
[EventType "swiss"]
[EventRounds "9"]
[EventCountry "RUS"]
[SourceTitle "EXT 2014"]
[Source "ChessBase"]
[SourceDate "2013.11.20"]
[SourceVersion "1"]
[SourceVersionDate "2013.11.20"]
[SourceQuality "1"]

1. e4 c5 2. d4 cxd4 3. c3 Nf6 4. e5 Nd5 5. cxd4 d6 6. exd6 Qxd6 7. Nc3 Nc6 8. Bc4 e6 9. Nge2 Be7 10. 0-0 Nb6 11. Bd3 0-0 12. Bf4 e5 13. Ne4 Qd5 14. N2c3 Qa5 15. dxe5 Nxe5 16. Bb5 Ng6 17. a3 Bg4 18. b4 Bxb4 19. axb4 Qxb4 20. Bd6 1-0

[Event "Kemerovo Chess School-ch"]
[Site "Kemerovo"]
[Date "2013.03.03"]
[Round "3"]
[White "Kolosovskiy, Danil"]
[Black "Kharchenko, Alexey"]
[Result "1/2-1/2"]
[WhiteElo "1999"]
[BlackElo "1933"]
[PlyCount "59"]
[EventDate "2013.02.24"]
[EventType "swiss"]
[EventRounds "9"]
[EventCountry "RUS"]
[SourceTitle "EXT 2014"]
[Source "ChessBase"]
[SourceDate "2013.11.20"]
[SourceVersion "1"]
[SourceVersionDate "2013.11.20"]
[SourceQuality "1"]

1. c4 Nf6 2. Nc3 c5 3. g3 g6 4. Bg2 Bg7 5. e3 0-0 6. Nge2 Nc6 7. 0-0 d6 8. d4 cxd4 9. exd4 Bg4 10. Be3 Qd7 11. Re1 Bxe2 12. Qxe2 Ng4 13. Bh3 f5 14. Rad1 Rae8 15. d5 Nce5 16. Bd4 Qc7 17. b3 Nh6 18. Nb5 Qa5 19. Bxe5 dxe5 20. Qd2 Qb6 21. Qe3 Qa5 22. Qd2 Qb6 23. d6 exd6 24. Qxd6 Qxd6 25. Nxd6 Rb8 26. c5 Nf7 27. Bf1 Ng5 28. Bg2 e4 29. h4 Ne6 30. Bf1 1/2-1/2

[Event "Kemerovo Kuzbass-ch"]
[Site "Kemerovo"]
[Date "2012.11.25"]
[Round "3"]
[White "Kosheparova, Tatiana"]
[Black "Kharchenko, Alexey"]
[Result "0-1"]
[WhiteElo "1936"]
[BlackElo "1862"]
[PlyCount "71"]
[EventDate "2012.11.23"]
[EventType "swiss"]
[EventRounds "9"]
[EventCountry "RUS"]
[SourceTitle "CBM 151 Extra"]
[Source "ChessBase"]
[SourceDate "2012.12.18"]
[SourceVersion "1"]
[SourceVersionDate "2012.12.18"]
[SourceQuality "1"]

1. e4 c5 2. Nf3 Nc6 3. d4 cxd4 4. Nxd4 g6 5. c4 Nf6 6. Nc3 Nxd4 7. Qxd4 d6 8. Be2 Bg7 9. Be3 0-0 10. Qd2 Be6 11. f3 Rc8 12. b3 b5 13. 0-0 bxc4 14. bxc4 Bxc4 15. Rab1 Qd7 16. Rfc1 Bxe2 17. Nxe2 Qa4 18. Rb7 Rxc1+ 19. Nxc1 Nd7 20. Rxa7 Qc6 21. Nd3 Rb8 22. Nb4 Qb5 23. a4 Qc4 24. Rxd7 Bc3 25. Qc1 Qxb4 26. Rc7 Bd4 27. Kf1 Bxe3 28. Qxe3 Qxa4 29. Rc1 Qb5+ 30. Kf2 Qb2+ 31. Kg3 Qe5+ 32. f4 Qb2 33. Rc3 Ra8 34. Qd4 Ra3 35. Rxa3 Qxd4 36. Kf3 0-1